000 00408nam a2200157Ia 4500
005 20250528022433.0
008 240331s9999 xx 000 0 und d
020 _a9559547100
082 _a302.234
_bATH
100 _aAthugala, A
245 0 _aRupavahiniya saha sannivedhanaya
260 _aSri Lanka
_bsameeparupa
_c1993
300 _a72 p .,
500 _aA book on Television & Communication
942 _cL
999 _c1163
_d1163